| 000 | 00785nam a2200205 i 4500 | ||
|---|---|---|---|
| 001 | 101092 | ||
| 003 | ES-MaACL | ||
| 005 | 20250829062539.0 | ||
| 007 | t| | ||
| 008 | 051011m19571960sp ||||1| spa d | ||
| 080 | _a821.133.1-8"19" | ||
| 100 | 1 |
_aMaurois, André, _d1885-1967 _979267 |
|
| 245 | 1 | 0 |
_aObras completas. _nV-VI / _cAndré Maurois (seud.) de Emile Herzog. |
| 250 | _a1ª ed. | ||
| 260 |
_aBarcelona : _bJosé Janés, _c1957-1960. |
||
| 300 |
_a2 v. ; _c18 cm. |
||
| 505 | 8 | _aContiene: V. No cometerás adulterio ; Los últimos días de Pompeya ; Alain ; El profesor de matrimonios ; Un arte de vivir ; Siete aspectos del amor ; Destinos ejemplares ; Para piano solo ; Una carrera ; Robert y Elizabeth Browning | |
| 852 |
_aES-MaACL _jP-147 |
||
| 999 |
_c101092 _d101092 |
||